[Event "IECG CB.2002.0.00064 email"]
[Site "IECG email"]
[Date "2002.12.15"]
[Round "1"]
[White "Pedrini, Luis"]
[Black "Birzer, Lothar"]
[Result "0-1"]
[WhiteElo "1900"]
[BlackElo "1894"]
[PlyCount "38"]
[EventDate "2002.12.15"]
[EventType "tourn (corr)"]
[EventRounds "6"]
[SourceTitle "Corr 2024"]
[Source "ChessBase"]
[SourceDate "2023.10.19"]
[SourceVersion "1"]
[SourceVersionDate "2023.10.19"]
[SourceQuality "1"]

1. d4 Nf6 2. Bg5 d5 3. Bxf6 exf6 4. c4 dxc4 5. Qa4+ Nc6 6. e3 Be6 7. Bxc4 Bb4+ 8. Nc3 Bxc4 9. 0-0-0 Rb8 10. d5 b5 11. Qc2 Ne7 12. Nf3 Qd6 13. b3 Bxc3 14. Qxc3 Bxd5 15. Nd4 c6 16. Rd2 c5 17. Ne2 b4 18. Qc2 Qe5 19. Kd1 Bxg2 0-1

[Event "IECG CB.2002.0.00064 email"]
[Site "IECG email"]
[Date "2002.??.??"]
[Round "1"]
[White "Zednik, Martin"]
[Black "Pedrini, Luis"]
[Result "1-0"]
[WhiteElo "1791"]
[BlackElo "1900"]
[PlyCount "55"]
[EventDate "2002.12.15"]
[EventType "tourn (corr)"]
[EventRounds "6"]
[SourceTitle "Corr 2024"]
[Source "ChessBase"]
[SourceDate "2023.10.19"]
[SourceVersion "1"]
[SourceVersionDate "2023.10.19"]
[SourceQuality "1"]

1. e4 c5 2. f4 d6 3. Nf3 Qc7 4. Nc3 Nf6 5. Bc4 e6 6. 0-0 a6 7. d3 b5 8. Bb3 Bb7 9. f5 e5 10. Ng5 c4 11. dxc4 bxc4 12. Ba4+ Nbd7 13. Qe2 h6 14. Ne6 Qc8 15. Rb1 Ke7 16. Bxd7 Nxd7 17. Nxf8 Rxf8 18. Rd1 Nf6 19. b3 cxb3 20. Rxb3 Rd8 21. Ba3 Ne8 22. Nd5+ Bxd5 23. Rxd5 f6 24. c4 Kf7 25. c5 Ra7 26. cxd6 Nxd6 27. Rxd6 Rxd6 28. Bxd6 1-0